000
00294nam a22001337a 4500
008
181020b xxu||||| |||| 00| 0 eng d
020
_a
9780071432030
041
_a
eng
080
_a
617
100
_a
6
101
_a
SHK
245
_a
The Wound Management Manual
_c
Lee, B.Y
942
_2
udc
_c
BK
999
_c
50320
_d
50320